Digital image processing / (Record no. 175580)

000 -LEADER
fixed length control field 01146 a2200229 4500
003 - CONTROL NUMBER IDENTIFIER
control field Nust
005 - DATE AND TIME OF LATEST TRANSACTION
control field 20221116102014.0
010 ## - LIBRARY OF CONGRESS CONTROL NUMBER
LC control number 2002276271
020 ## - INTERNATIONAL STANDARD BOOK NUMBER
International Standard Book Number 0201180758
040 ## - CATALOGING SOURCE
Transcribing agency Nust
082 00 - DEWEY DECIMAL CLASSIFICATION NUMBER
Classification number 621.367,GON
100 1# - MAIN ENTRY--PERSONAL NAME
Personal name Gonzalez, Rafael C.
245 10 - TITLE STATEMENT
Title Digital image processing /
Statement of responsibility, etc. Rafael C. Gonzalez, Richard E. Woods.
250 ## - EDITION STATEMENT
Edition statement 2nd ed.
260 ## - PUBLICATION, DISTRIBUTION, ETC.
Place of publication, distribution, etc. Upper Saddle River, N.J. :
Name of publisher, distributor, etc. Prentice Hall,
Date of publication, distribution, etc. c2002.
300 ## - PHYSICAL DESCRIPTION
Extent xx, 793 p. :
Other physical details ill. ;
Dimensions 25 cm.
505 ## - FORMATTED CONTENTS NOTE
Formatted contents note Introduction (Page-1), Digital Image Fundamentals (Page-34), Image Enhancement in the Spatial Domain (Page-75), Image Enhancement in the Frequency Domain (Page-147), Image Restoration (Page-220), Color Image Processing (Page-282), Wavelets and Multiresolution Processing (Page-349), Image Compression (Page-409), Morphological Image Processing (Page-519), Image Segmentation (Page-567), Representation and Description (Page-643), Object Recognition (Page-693).
650 #0 - SUBJECT ADDED ENTRY--TOPICAL TERM
Topical term or geographic name entry element Telecommunication Engineering.
700 1# - ADDED ENTRY--PERSONAL NAME
Personal name Woods, Richard E.
Dates associated with a name 1954-
9 (RLIN) 96527
856 41 - ELECTRONIC LOCATION AND ACCESS
Materials specified Table of contents
Uniform Resource Identifier <a href="http://www.loc.gov/catdir/toc/fy031/2002276271.html">http://www.loc.gov/catdir/toc/fy031/2002276271.html</a>
942 ## - ADDED ENTRY ELEMENTS (KOHA)
Source of classification or shelving scheme
Koha item type Book
Holdings
Withdrawn status Lost status Source of classification or shelving scheme Damaged status Not for loan Permanent Location Current Location Shelving location Date acquired Total Checkouts Full call number Barcode Date last seen Date last checked out Price effective from Koha item type Public note Collection code
          Military College of Signals (MCS) Military College of Signals (MCS) General Stacks 12/12/2016 1 621.367,GON MCS28812 06/12/2023 04/05/2023 12/12/2016 Book Almirah No.30, Shelf No.3  
          Military College of Signals (MCS) Military College of Signals (MCS) General Stacks 12/12/2016 2 621.367,GON MCS28813 06/12/2023 05/08/2023 12/12/2016 Book Almirah No.30, Shelf No.3  
          Military College of Signals (MCS) Military College of Signals (MCS)   12/12/2016   621.367 GON MCS28848 12/08/2016   12/12/2016 Book    
© 2023 Central Library, National University of Sciences and Technology. All Rights Reserved.